Too much? (Record no. 76753)

MARC details
000 -LEADER
fixed length control field 01300cab a2200205 4500
001 - CONTROL NUMBER
control field ##L133029
008 - FIXED-LENGTH DATA ELEMENTS--GENERAL INFORMATION
fixed length control field 060404n2006 000 0 eng u
035 ## - SYSTEM CONTROL NUMBER
System control number (Sirsi) u133029
041 0# - LANGUAGE CODE
Language code of text/sound track or separate title eng
100 1# - MAIN ENTRY--PERSONAL NAME
Personal name Bingham, Tony
245 00 - TITLE STATEMENT
Title Too much?
260 ## - PUBLICATION, DISTRIBUTION, ETC.
Date of publication, distribution, etc. 2006
490 #0 - SERIES STATEMENT
Series statement Building
Volume/sequential designation 271(8424) 31 March 2006, 62-63(2)
520 ## - SUMMARY, ETC.
Summary, etc. Reports the facts of, and comments upon, "Rankilor and another v M Igoe Ltd" ([2006] TCC, Salford District Registry,unreported), where it was contended that an adjudicator had made findings of fact based on his expert assessment of a laboratory analysis when the findings had not been contended for by either party, and neither party had had the opportunity to comment upon them. The author argues that an adjudicator should tell the parties how a decision was reached, if one or the other asks for further information, as this may prevent a complaint being made or legal proceedings being taken.
590 ## - LOCAL NOTE (RLIN)
Local note IKA110406
650 24 - SUBJECT ADDED ENTRY--TOPICAL TERM
Topical term or geographic name entry element RANKILOR (1) AND PERCO ENGINEERING SERVICE LTD (2) V M IGOE LTD
650 24 - SUBJECT ADDED ENTRY--TOPICAL TERM
Topical term or geographic name entry element CARILLION CONSTRUCTION LTD V DEVONPORT ROYAL DOCKYARD LTD
690 ## - LOCAL SUBJECT ADDED ENTRY--TOPICAL TERM (OCLC, RLIN)
Topical term or geographic name as entry element MANAGEMENT-DISPUTE AVOIDANCE, MANAGEMENT AND RESOLUTION-DISPUTE MANAGEMENT AND RESOLUTION-ALTERNATIVE DISPUTE RESOLUTION-ADJUDICATION-ADJUDICATION AWARDS
942 ## - ADDED ENTRY ELEMENTS (KOHA)
Suppress in OPAC 0
Holdings
Withdrawn status Lost status Source of classification or shelving scheme Damaged status Not for loan Home library Current library Shelving location Date acquired Total Checkouts Full call number Barcode Date last seen Copy number Price effective from Koha item type
    Dewey Decimal Classification     London London Journal article 04/04/2006   L133029 133029-1001 06/08/2019 1 06/08/2019 Journal article